Cong ling qi bu xue dian ji ta / (Record no. 345057)
[ view plain ]
| 000 -LEADER | |
|---|---|
| fixed length control field | 00679nam a2200265Ia 4500 |
| 008 - FIXED-LENGTH DATA ELEMENTS--GENERAL INFORMATION | |
| fixed length control field | 171120s9999 xx 000 0 und d |
| 020 ## - INTERNATIONAL STANDARD BOOK NUMBER | |
| International Standard Book Number | 9.787806925e+012 |
| 050 ## - LIBRARY OF CONGRESS CALL NUMBER | |
| Classification number | 787.87 |
| 050 ## - LIBRARY OF CONGRESS CALL NUMBER | |
| Item number | C966 2010 |
| 100 ## - MAIN ENTRY--PERSONAL NAME | |
| Personal name | Cui, Xudong |
| 245 ## - TITLE STATEMENT | |
| Title | Cong ling qi bu xue dian ji ta / |
| 245 ## - TITLE STATEMENT | |
| Statement of responsibility, etc | by Xudong Cui. |
| 260 ## - PUBLICATION, DISTRIBUTION, ETC. (IMPRINT) | |
| Place of publication, distribution, etc | Shanghai Shi : |
| 260 ## - PUBLICATION, DISTRIBUTION, ETC. (IMPRINT) | |
| Name of publisher, distributor, etc | Shanghai yin yue xue yuan chu ban she, |
| 260 ## - PUBLICATION, DISTRIBUTION, ETC. (IMPRINT) | |
| Date of publication, distribution, etc | 2010 |
| 300 ## - PHYSICAL DESCRIPTION | |
| Extent | 115 pages : |
| 300 ## - PHYSICAL DESCRIPTION | |
| Other physical details | illustrations ; |
| 300 ## - PHYSICAL DESCRIPTION | |
| Dimensions | 27cm. |
| 650 ## - SUBJECT ADDED ENTRY--TOPICAL TERM | |
| Topical term or geographic name as entry element | Electric guitar -- |
| 650 ## - SUBJECT ADDED ENTRY--TOPICAL TERM | |
| Topical term or geographic name as entry element | Electric guitar -- |
| 650 ## - SUBJECT ADDED ENTRY--TOPICAL TERM | |
| Topical term or geographic name as entry element | Electric guitar. |
| 650 ## - SUBJECT ADDED ENTRY--TOPICAL TERM | |
| General subdivision | Instruction and study. |
| 650 ## - SUBJECT ADDED ENTRY--TOPICAL TERM | |
| General subdivision | Methods. |
| 700 ## - ADDED ENTRY--PERSONAL NAME | |
| Personal name | Title. |
| Withdrawn status | Lost status | Damaged status | Home library | Current library | Date acquired | Total Checkouts | Full call number | Barcode | Date last seen | Price effective from | Koha item type |
|---|---|---|---|---|---|---|---|---|---|---|---|
| Stonyhurst Southville International School (Malarayat) | Stonyhurst Southville International School (Malarayat) | 11/20/2017 | REF 787.87 C966 2010 | SSISM4101 | 11/20/2017 | 11/20/2017 | Books |